Koalícia Špeciálny súd nezruší

Bibliographic Details
Main Author: Šutková, Veronika (Author)
Format: Article
Language:Slovak
ISSN:1335-440X
Subjects:

MARC

LEADER 00000nab a2200000 ar4500
001 vtls008943715
003 SK-MaSNL
005 20260303070924.0
008 070207c20070111xo dr|p|||||||000 b|slo
015 |a SNBRB2007/02  |2 snkbucl 
040 |a SNKBUCL  |b slo  |c SNKBUCL  |e AACR2 
041 0 |a slo 
044 |a xo  |c SK 
080 |a 347.99-027.512  |x (437.6)  |2 2001 
100 1 |a Šutková, Veronika  |4 aut  |9 1041111 
245 1 0 |a Koalícia Špeciálny súd nezruší  |c Veronika Šutková 
610 1 7 |a Slovensko.  |b Špeciálny súd  |2 snkbucl  |9 1053643 
773 0 |t Sme  |g Roč. 16, č. 8 (11.1.2007), s. 2  |x 1335-440X 
852 |a SNK  |b KIS3GCP 
958 |a SK 
999 |c 1757533  |d 1759463